Zdroje informací pro řízení zahraničně-obchodní činnosti. Služby dátabázového centra ÚVTEI-ÚTZ Praha.

Zahraničnoobchodná činnosť a výskum trhu. Informačné zdroje pre výskum trhov a informačné on-line databázy. Databázové centrum ÚVTEI-ÚTZ v Prahe a prístup užívateľov do on-line databáz. Prehľad dialógovo prístupných báz dát. Poplatky za služby.

Gespeichert in:
Bibliographische Detailangaben
1. Verfasser: Bochenková, J.
Format: Buchkapitel
Sprache:Tschechisch
Schlagworte:
Tags: Tag hinzufügen
Keine Tags, Fügen Sie das erste Tag hinzu!

MARC

LEADER 00000naa a2200000 4500
001 r003309
005 20221125081300.1
041 0 |a cze 
044 |a [CS] 
245 1 0 |a Zdroje informací pro řízení zahraničně-obchodní činnosti.  |b Služby dátabázového centra ÚVTEI-ÚTZ Praha.  |c J. Bochenková 
520 |a Zahraničnoobchodná činnosť a výskum trhu. Informačné zdroje pre výskum trhov a informačné on-line databázy. Databázové centrum ÚVTEI-ÚTZ v Prahe a prístup užívateľov do on-line databáz. Prehľad dialógovo prístupných báz dát. Poplatky za služby. 
610 2 0 |a obchod zahraničný 
610 2 0 |a výskum trhu 
610 2 0 |a zdroje informácií 
610 2 0 |a báza dát 
610 2 0 |a informácie hospodárske 
610 2 0 |a systémy dialógové 
610 2 0 |a riadenie odvetví 
100 1 |a Bochenková, J.